"Spain" In All Featured Languages - Statistics

General Stats
  • This quiz has been taken 45 times
  • The average score is 5 of 9
Answer Stats
Language Name % Correct
English Spain
100%
Spanish España
75%
French Espagne
68%
German Spanien
60%
Portuguese Espanha
50%
Dutch Spanje
50%
Italian Spagna
48%
Polish Hiszpania
25%
Finnish Espanja
15%
No matching quizzes found
Score Distribution
Percent of People with Each Score
Percentile by Number Answered
Your Score History
You have not taken this quiz